Kletba /
Druhá kniha ze série Sabat kostí. Jedná se o goticky laděný temný příběh z univerzitního prostředí a zároveň i o paranormální romanci.
Uloženo v:
| Série: | Sabat kostí,
část 2 |
|---|---|
| Hlavní autor: | |
| Další autoři: | |
| Médium: | E-kniha |
| Jazyk: | Czech |
| Vydáno: |
Praha :
Dobrovský s.r.o.,
2025
|
| Edice: | Red
|
| Témata: | |
| Příbuzné jednotky: | Z cyklu::
Sabat kostí |
| Tagy: |
Žádné tagy |
| LEADER | 02520nam a2200493 i 4500 | ||
|---|---|---|---|
| 001 | 312844 | ||
| 003 | CZ PrSKC | ||
| 005 | 20260601215729.0 | ||
| 007 | ta | ||
| 008 | 251010s2025 xr e 000 f cze | ||
| 015 | |a cnb003568504 | ||
| 020 | |a 9788027741793 |q (brožováno) : |c Kč 399,00 | ||
| 035 | |a (OCoLC)1559932235 | ||
| 040 | |a ABG001 |b cze |d ABA001 |e rda | ||
| 041 | 1 | |a cze |h eng | |
| 072 | 7 | |a 821.111(73)-3 |x Americká próza |2 Konspekt | |
| 080 | |a 821.111(73)-31 |2 MRF | ||
| 080 | |a (0:82-312.9) |2 MRF | ||
| 080 | |a (0:82-993) |2 MRF | ||
| 100 | 1 | |a Woods, Harper L. |7 xx0322224 |4 aut | |
| 240 | 1 | 0 | |a Cursed. |l Česky |
| 245 | 1 | 0 | |a Kletba / |c Harper L. Woods ; přeložila Martina Balzano |
| 264 | 1 | |a Praha : |b Dobrovský s.r.o., |c 2025 | |
| 300 | |a 296 stran ; |c 20 cm | ||
| 336 | |a text |b txt |2 rdacontent | ||
| 337 | |a bez média |b n |2 rdamedia | ||
| 338 | |a svazek |b nc |2 rdacarrier | ||
| 490 | 1 | |a Red | |
| 500 | |a Přeloženo z angličtiny | ||
| 520 | 2 | |a Druhá kniha ze série Sabat kostí. Jedná se o goticky laděný temný příběh z univerzitního prostředí a zároveň i o paranormální romanci. |b Jsou svoji, ale znovu nepřátelé... Willow nyní stojí v čele Sabatu, ovšem ocitá se mezi dvěma mlýnskými kameny. Chce Sabat ochránit proti svému manželovi, zároveň však nemůže popřít, jak silné je mezi nimi dvěma pouto. A Gray otevřeně přiznává, že není žárlivý, ale majetnický. Miluje ji. Udělá cokoli, jen aby si vybrala jeho... s výjimkou jediné věci - není ochotný nechat ji odejít. Nakladatelská anotace. Kráceno. | |
| 655 | 7 | |a americké romány |7 fd131796 |2 czenas | |
| 655 | 7 | |a fantasy romány |7 fd184199 |2 czenas | |
| 655 | 7 | |a erotické romány |7 fd132211 |2 czenas | |
| 655 | 9 | |a American fiction |2 eczenas | |
| 655 | 9 | |a fantasy novels |2 eczenas | |
| 655 | 9 | |a erotic novels |2 eczenas | |
| 700 | 1 | |a Balzano, Martina, |d 1985- |7 xx0318418 |4 trl | |
| 787 | 0 | 8 | |i Z cyklu: |t Sabat kostí |g 2 |w (CZ-CtDS)ad3a6c11-db96-577d-8c98-1a538515ed61 |
| 830 | 0 | |a Red | |
| 900 | |a ABA001 |b 20 | ||
| 044 | |a xr | ||
| 910 | |a RBIT002 | ||
| 998 | |d 423050 |a https://core.palmknihy.cz/api/books/423050/cover?t45tbu |b https://core.palmknihy.cz/api/books/423050/cover/400?t45tbu |c https://core.palmknihy.cz/api/books/423050/cover/50?t45tbu |e 2029-10-05 |g 304 |i 9788027741793 |j https://core.palmknihy.cz/api/books/423050/preview.epub |k https://core.palmknihy.cz/api/books/423050/preview.pdf |l |q 49 |r 1 |s https://www.palmknihy.cz/kniha/423050 |t ebook |y 2025 |z 0 |v Sabat kostí |w 2 | ||
| 999 | |d 312842 | ||